header

Key themes in interpersonal communication (Record no. 39143)

MARC details
000 -LEADER
fixed length control field 01413nam a2200349Ia 4500
082 04 - DEWEY DECIMAL CLASSIFICATION NUMBER
Classification number 302.2
245 00 - TITLE STATEMENT
Title Key themes in interpersonal communication
260 ## - PUBLICATION, DISTRIBUTION, ETC. (IMPRINT)
Place of publication Maidenhead, England ;
-- New York :
Name of publisher McGraw Hill/Open University Press,
Year of publication c2007.
300 ## - PHYSICAL DESCRIPTION
Number of Pages 217 p. :
Other physical details ill.
650 #0 - SUBJECT ADDED ENTRY--TOPICAL TERM
Topical Term Interpersonal communication.
Topical Term Interpersonal communication
Topical Term Identity (Psychology)
700 1# - ADDED ENTRY--PERSONAL NAME
Personal name Hill, Anne,
856 40 - ELECTRONIC LOCATION AND ACCESS
Uniform Resource Identifier http://site.ebrary.com/lib/rucke/Doc?id=10229862

No items available.

© 2026 Rongo University
Contact us: librarian | system librarian | Rongo university